| 000 | 00000nam##2200000za#4500 |
| 001 | 9.570315 |
| 003 | CaOODSP |
| 005 | 20210624182201 |
| 007 | cr ||||||||||| |
| 008 | 150406|1998||||xxc|||||o f|0| 0 eng|d |
| 040 | |aCaOODSP|beng |
| 043 | |an-cn--- |
| 086 | 1 |aNM95-57/15-4-1998E-PDF |
| 110 | 1 |aCanada.|bCanadian Heritage. |bCanadian Conservation Institute. |
| 245 | 10|aIndoor display of industrial collections / |h[electronic resource]|cby George Prytulak. |
| 260 | |aOttawa - Ontario : |bCanadian Heritage. |cc1998. |
| 300 | |a4p.|bfigs. |
| 490 | 1 |aCCI Notes|v15/4 |
| 500 | |aThe catalogue number (NM95-57/15-4-1998E) and ISSN (0714-6221) for the print edition have been incorrectly copied in this electronic publication. |
| 590 | |a11-22-Supp|b2011-10-13 |
| 720 | 1 |aPrytulak, George |
| 775 | 08|tPrésentation de collections industrielles à l'intérieur / |w(CaOODSP)9.601057 |
| 830 | #0|aCCI notes ;|v15/4|w(CaOODSP)9.506353 |
| 856 | 40|ahttp://publications.gc.ca|qPDF|s1.49 MB|uhttps://publications.gc.ca/collections/collection_2011/pc-ch/NM95-57-15-4-1998-eng.pdf|y15/4 |